UNDERTALE Items - Statistics

General Stats
  • This quiz has been taken 119 times
  • The average score is 30 of 54
Answer Stats
Hint Answer % Correct
Ruins Weapon Toy Knife
97%
Ruins Consumable Butterscotch Pie
91%
Ruins Weapon Stick
91%
Ruins Armor/Consumable Bandage
89%
Hotland Weapon Burnt Pan
87%
Ruins Consumable Monster Candy
86%
Waterfall Armor Old Tutu
82%
Ruins Consumable Spider Donut
82%
Snowdin Weapon Tough Glove
82%
New Home Weapon Real Knife
78%
Waterfall Weapon Ballet Shoes
77%
Asriel Consumable Dream
72%
Waterfall Weapon Torn Notebook
72%
Hotland Weapon Empty Gun
71%
Ruins Armor Faded Ribbon
71%
Waterfall Armor Cloudy Glasses
70%
Ruins Consumable Spider Cider
70%
Hotland Armor Stained Apron
70%
Snowdin Consumable Cinnamon Bunny
66%
Ruins (Hard Mode) Consumable Snail Pie
66%
Snowdin Consumable Snowman Piece
65%
Waterfall Armor temy armor
65%
Hotland Consumable Instant Noodles
62%
Snowdin Consumable Nice Cream
61%
Hotland Armor Cowboy Hat
59%
New Home Armor Heart Locket
59%
Hotland Consumable Legendary Hero
59%
Snowdin Armor Manly Bandanna
59%
Waterfall Consumable Temmie Flakes
58%
Snowdin Consumable Bisicle
57%
Hotland Consumable Steak in the Shape of Mettaton's Face
57%
New Home Armor The Locket
54%
Hotland Consumable Glamburger
53%
Waterfall Consumable Sea Tea
53%
Hotland Consumable Hot Dog..?
49%
Waterfall Consumable Abandoned Quiche
48%
Waterfall Miscellaneous Dog Residue
46%
Waterfall Consumable Crab Apple
41%
Hotland Consumable Hot Cat
41%
New Home Weapon Worn Dagger
41%
Waterfall Miscellaneous Annoying Dog
39%
Waterfall Miscellaneous Punch Card
38%
Snowdin Consumable Unisicle
38%
True Lab Consumable Bad Memory
30%
Waterfall Consumable Dog Salad
30%
Hotland Consumable Starfait
30%
Hotland Miscellaneous Mystery Key
29%
Hotland Consumable Junk Food
27%
True Lab Consumable Poptato Chisps
27%
Snowdin Miscellaneous Undyne's Letter
25%
Waterfall Consumable Astronaut Food
24%
Hotland Consumable Hush Puppy
20%
Snowdin Miscellaneous Undyne Letter EX
15%
Snowdin Miscellaneous Silver Key
13%
No matching quizzes found
Score Distribution
Percent of People with Each Score
Percentile by Number Answered
Your Score History
You have not taken this quiz